01152cam a22003137a 4500003000500000005001700005008004100022010001000063011001000073035001000083040000900093082001500102110007500117245007000192260005800262300001100320590004100331590004100372590004100413590004200454650003200496650004100528901000700569905002300576942001000599949007100609999001700680952014100697CHAP20220329142330.0000727d1996 us rs 00110 eng d a81868 a82840 a93345 cCHAP04a630.83bE8 aE.U.A. Department of Agriculture. Agricultural Statistics Board93487710aFloriculture crops :b1995 summaryc/by Department of Agriculture aWashington, D.C. :bDepartment of Agriculture,c1996. a107 p. aBATCH-UPDb10c20130110lUCH01h0218 aBATCH-UPDb10c20130409lUCH01h2237 aBATCH-UPDb10c20130914lUCH01h1420 aCONVERSIONb10c20130109lUCH01h134514aFloriculturaxE.U.A.94183614aFloriculturaxEstadísticas.941837 aBK aLilia Sánchez G. cLIBRO a630.83 E8bBCcLIBROd33724000785176eLIBROf1995h98436i93345sb c81868d81868 00102ddc4052708GRALaBCbBCcPP_GRALd2019-12-31fLIBROl0o630.83 E8p33724000785176r2019-12-31 00:00:00t1995w2019-12-31yLIBRO